000 01499cam a22003977a 4500
003 CHAP
005 20220329141852.0
008 980318d1981 mx rb 00010 spa d
010 _a75039
011 _a76011
020 _a9688150371
035 _a85587
040 _cCHAP
082 0 4 _a333
_bM33
100 0 0 _aMartínez Ríos, Jorge.
_972478
245 1 0 _aTenencia y explotación de la tierra en México :
_bbibliografía comentada
_c/por Jorge Martínez Ríos
260 0 _aMéxico, D.F. :
_bSecretaría de la Reforma Agraria,
_c1981.
300 _a184 p.
410 2 0 _aSecretaría de la Reforma Agraria
490 0 _aColeccion : Fuentes para la historia del agrarismo en México
590 _aBATCH-UPD
_b10
_c20130110
_lUCH01
_h0411
590 _aBATCH-UPD
_b10
_c20130110
_lUCH01
_h2244
590 _aBATCH-UPD
_b10
_c20130410
_lUCH01
_h0045
590 _aBATCH-UPD
_b10
_c20130410
_lUCH01
_h1538
590 _aBATCH-UPD
_b10
_c20130914
_lUCH01
_h1002
590 _aCONVERSION
_b10
_c20130109
_lUCH01
_h1341
650 1 4 _aTierras
_xTenencia
_xBibliografía.
_9113141
650 1 4 _aTierras
_xTenencia
_zMéxico.
_9113215
810 0 0 _aSecretaría de la Reforma Agraria
_9103548
830 0 0 _aColeccion : Fuentes para la historia del agrarismo en México
_924649
901 _aBK
905 _aLilia Sánchez G.
942 _cLIBRO
949 _a333 M33
_bBC
_cLIBRO
_d33724000591525
_eLIBRO
_h92597
_i85587
_si
949 _a333 M33
_bBC
_cLIBRO
_d33724000819041
_eLIBRO
_fc.2
_gDonaciØn
_h101040
_i85587
_sb
999 _c75039
_d75039